000 00563nam a22001817a 4500
005 20251108172744.0
008 250721s2002 xx 000 0 ara d
082 1 4 _a526.8/عبا
100 1 _aالعبادي، خضر
_eمؤلف
245 1 0 _aمبادئ الخرائط (مساقط الخرائط) /
264 1 _aعمان :
_bالدار العلمية الدولية للنشر،
_c2002.
300 _a360ص
650 1 7 _aرسم الخرائط
650 1 7 _aمسقط الخرائط
650 1 7 _aمقياس الرسم
942 _2ddc
_cBK
999 _c87701
_d87701